000 00467nam a2200193Ia 4500
005 20250603150009.0
008 250603s9999 xx 000 0 und d
020 _a9780321501301
050 _aQC 21.2 .Y67/
100 _aYoung, Hugh D.
245 0 _aUniversity physics : with modern physics
250 _a12th ed.
260 _aSan Francisco
260 _bPearson Education
260 _c2008
300 _a1551 p
650 _aSan Francisco
942 _cBK
999 _c43463
_d43463